Movies Quiz

Random Movies or Clickable Quiz

Almost Useless Movie Trivia XII Quiz Stats

 Plays Quiz Updated Jun 11, 2017

Support Sporcle.
Go Orange.
Score 0/22 Timer 07:00
0 Plays Today
% Correct
Jumanji
93.8%
Ant-Man
91.6%
Mulan
90.1%
Fantastic Beasts and Where to Find Them
89.3%
Hot Fuzz
86.5%
Scream
85.6%
The Hateful Eight
85%
Remember the Titans
83.3%
Point Break
82.9%
Steve Jobs
81%
O Brother, Where Art Thou?
78.8%
% Correct
Serpico
76.1%
Signs
75.3%
Silver Linings Playbook
74%
Coraline
73.3%
Mr. Smith Goes to Washington
73.2%
Beauty and the Beast
72.9%
American Graffiti
69.1%
Terminator 2: Judgment Day
68.3%
District 9
67.3%
That Thing You Do!
67%
Cool Hand Luke
62.1%

You're not logged in!

Compare scores with friends on all Sporcle quizzes.
OR
Log In
Forgot?

From the Vault

Tom Hanks (A-Z)

by UndeadChimp

All my life I've been waiting for someone and when I find her, she's... she's a fish.
Remove Ads.
Support Sporcle.
Get the best of Sporcle when you Go Orange. This ad-free experience offers more features, more stats, and more fun while also helping to support Sporcle. Thank you for becoming a member.

Show Comments

Extras

Top Quizzes Today


Score Distribution

Your Account Isn't Verified!

In order to create a playlist on Sporcle, you need to verify the email address you used during registration. Go to your Sporcle Settings to finish the process.

Report this User

Report this user for behavior that violates our Community Guidelines.

Details: